000
00349nam a2200145Ia 4500
008
230718s9999 xx 000 0 und d
041
_a
Eng.
082
_a
35284
_b
HUS-T
100
_a
Hussain, Mian Gulam
245
4
_a
The Registration Act 1912
260
_a
Pakistan
_b
Criminal Law Publisher
_c
2004
300
_a
48
650
_a
Law
999
_c
28324
_d
28324